Clothing Companies by Number of Employees - Statistics

General Stats
  • This quiz has been taken 24 times
  • The average score is 3 of 20
Answer Stats
No Answer % Correct
13 Adidas
81%
8 Nike
81%
4 H&M
52%
6 Gap
33%
3 Dior
14%
9 Inditex
14%
7 JD
10%
5 Ross Stores
5%
12 Cintas
0%
10 Fast Retailing
0%
11 Gildan
0%
18 Gokadlas Exports
0%
16 Hanesbrands
0%
14 Kering
0%
15 lululemon athletica
0%
2 LVMH
0%
17 Next plc
0%
1 TJX Companies
0%
20 Topsports International
0%
19 Vicotria's Secret
0%
No matching quizzes found
Score Distribution
Percent of People with Each Score
Percentile by Number Answered
Your Score History
You have not taken this quiz